| 000 | 01333nam a2200289 c 4500 | ||
|---|---|---|---|
| 003 | BLK | ||
| 005 | 20220720110327.0 | ||
| 008 | 180408b bul|||||r ||||||| ||bul|| | ||
| 010 | _aKNG00053337000 | ||
| 040 | _aBLK | ||
| 041 |
_aBUL _cBUL |
||
| 080 |
_aБългарска литература _b821.163.2 _x-31 _z821.163.2-31 |
||
| 100 | 1 |
_aГалина, Лада _eпърви автор _gГабровска-Каранфилова, Ганка Славова _9365607 |
|
| 700 | 1 |
_aГабровска-Каранфилова, Ганка Славова _e* _9275303 |
|
| 139 |
_aГалина, Лада _bГ 18 |
||
| 245 | 1 | 0 |
_aЦветът на изворите и др. _bРомани _cЛада Галина; * Ганка Славова Габровска-Каранфилова. |
| 257 | _aBGR | ||
| 260 |
_аСофия _bНар. младеж _c1983 _fВарна : Ст. Добрев-Странджата |
||
| 300 |
_a527 с. _c23 см |
||
| 380 | _aX | ||
| 500 | _aИмето на авт. Ганка Славова Габровска-Каранфилова. - 8 000 тир. - Съдържа и Кристали ; Пръстенът ; Искам да ти разкажа. | ||
| 852 | _aЦб 121991 | ||
| 856 | 4 |
_qpdf _u |
|
| 856 | 4 |
_qpdf _u |
|
| 942 |
_cKNG _n0 _01 |
||
| 944 |
_aCR _c13.09.2016 _kКети_Илиева |
||
| 944 |
_aED _c13.09.2016 _kКети_Илиева |
||
| 999 |
_c49482 _d49482 |
||